Faculty of Law Library — Cairo University

Official Online Catalog

Fundamentals Of Criminal Investigation: (Record no. 73108)

MARC details
000 -LEADER
fixed length control field 01061nam a2200325 i 4500
003 - CONTROL NUMBER IDENTIFIER
control field EG-GICUC
005 - DATE AND TIME OF LATEST TRANSACTION
control field 20260423140251.0
008 - FIXED-LENGTH DATA ELEMENTS--GENERAL INFORMATION
fixed length control field 260423s1980 U a|||fr|||| 001 0 eng d
040 ## - CATALOGING SOURCE
Original cataloging agency EG-GiCUC
Language of cataloging eng
Transcribing agency EG-GiCUC
Modifying agency EG-GiCUC
Description conventions rda
041 0# - LANGUAGE CODE
Language code of text/sound track or separate title eng
082 04 - DEWEY DECIMAL CLASSIFICATION NUMBER
Edition number 21
Classification number 343.81
Item number OH . F
092 04 - LOCALLY ASSIGNED DEWEY CALL NUMBER (OCLC)
Edition number 21
099 ## - LOCAL FREE-TEXT CALL NUMBER (OCLC)
Classification number Law1 10 343.81 OH . F 5 ed - 1980
100 1# - MAIN ENTRY--PERSONAL NAME
Personal name E. O'Hara, Charles
Relator term Author.
245 10 - TITLE STATEMENT
Title Fundamentals Of Criminal Investigation:
Statement of responsibility, etc. Charles E. O'Hara ; Gregory L. O'Hara
250 ## - EDITION STATEMENT
Edition statement Fifth Edition
264 #1 - PRODUCTION, PUBLICATION, DISTRIBUTION, MANUFACTURE, AND COPYRIGHT NOTICE
Place of production, publication, distribution, manufacture U.s.a:
Name of producer, publisher, distributor, manufacturer Charles C Thomas,
Date of production, publication, distribution, manufacture, or copyright notice 1980.
300 ## - PHYSICAL DESCRIPTION
Extent 909 pages :
Other physical details illustrations,
Dimensions 24 cm
336 ## - CONTENT TYPE
Source rda content
Content type term text
337 ## - MEDIA TYPE
Source rda media
Media type term Computer
338 ## - CARRIER TYPE
Source rda carrier
Carrier type term Online Resource
500 ## - GENERAL NOTE
General note Includes colored illustrations, maps, tables, and charts,index<br/>
546 ## - LANGUAGE NOTE
Language note Text in English
650 1# - SUBJECT ADDED ENTRY--TOPICAL TERM
Topical term or geographic name entry element Criminal law
Source of heading or term qrmak
651 1# - SUBJECT ADDED ENTRY--GEOGRAPHIC NAME
Source of heading or term qrmak
700 1# - ADDED ENTRY--PERSONAL NAME
Personal name Gregory L. O'Hara
Relator term joint author.
856 40 - ELECTRONIC LOCATION AND ACCESS
Uniform Resource Identifier <a href="https://fll.law.cu.edu.eg/fulltext/bks/B10-11176.pdf">https://fll.law.cu.edu.eg/fulltext/bks/B10-11176.pdf</a>
905 ## - Cataloger and Reviser Names
Cataloger Name: Esraa Khaled
942 ## - ADDED ENTRY ELEMENTS (KOHA)
Source of classification or shelving scheme Dewey Decimal Classification
Suppress in OPAC No
Koha item type Books
Edition 21
Holdings
Withdrawn status Lost status Source of classification or shelving scheme Damaged status Not for loan Collection Home library Current library Date acquired Total checkouts Full call number Barcode Date last seen Copy number Price effective from Koha item type
    Dewey Decimal Classification   Not for loan القانون الجنائي جــــامعة القــاهرة مكتبة كلية الحقوق - المبنى الرئيسي 23.04.2026   Law1 10 343.81 OH . F 5 ed - 1980 1011176 C1 B10-11176 23.04.2026 1 23.04.2026 Books

© All rights reserved — Faculty of Law, Cairo University